| 000 | 00490nam a22001457a 4500 | ||
|---|---|---|---|
| 999 |
_c521978 _d521978 |
||
| 008 | 230306b ||||| |||| 00| 0 eng d | ||
| 100 |
_aGupta, Vikash _938241 |
||
| 245 | _aEducational inequities in colonial India and the agency of teacher: Lens of Molvi Zka Ullah | ||
| 260 | _aSocial Scientist | ||
| 300 | _a50(9-10), Sep, Oct, 2022: p.21-44 | ||
| 650 |
_aEducational inequities, Colonial India, Teacher _938242 |
||
| 773 | _aSocial Scientist | ||
| 906 | _aEDUCATION | ||
| 942 | _cAR | ||